Dizajn distribučného kanála a faktory ovplyvňujúce jeho tvorbu

Ciele distribučného kanála a jeho úspech. Tvorba a manažment distribučného kanála. Proces dizajnu distribučného kanála. Proces implementácie kanála. Vznik nových distribučných kanálov. Faktory ovplyvňujúce tvorbu dizajnu distribučného kanála.

Guardado en:
Detalles Bibliográficos
Autor principal: Kita, Pavol
Formato: Capítulo de libro
Lenguaje:eslovaco
Materias:
Etiquetas: Agregar Etiqueta
Sin Etiquetas, Sea el primero en etiquetar este registro!

MARC

LEADER 00000naa a2200000 4500
001 r048696
005 20230907084644.2
041 0 |a slo 
044 |a SK 
245 1 0 |a Dizajn distribučného kanála a faktory ovplyvňujúce jeho tvorbu 
520 |a Ciele distribučného kanála a jeho úspech. Tvorba a manažment distribučného kanála. Proces dizajnu distribučného kanála. Proces implementácie kanála. Vznik nových distribučných kanálov. Faktory ovplyvňujúce tvorbu dizajnu distribučného kanála. 
610 2 0 |a distribúcia 
610 2 0 |a výrobky 
610 2 0 |a dizajn 
610 2 0 |a internet 
610 2 0 |a technológie informačné 
610 2 0 |a technológie komunikačné 
610 2 0 |a segmentácia trhu 
610 2 0 |a marketing 
610 2 0 |a stratégia marketingová 
100 1 |a Kita, Pavol